Statistics for Alcoholic Drinks Quiz 1

Click here to take the quiz!

General Stats

  • This quiz has been taken 252 times
  • The average score is 7 of 10

Answer Stats

HintAnswer% Correct
Different styles and varieties of this come from Russia, Poland and Sweden, but any liquor made from water and agricultural ethanol can be classified asVodka
98%
Alcoholic drink made from yeast-fermented malt flavored with hopsBeer
89%
An alcoholic drink made from fermented grape juiceWine
89%
A spirit that is distilled in Mexico from an agave plant and forms the basis of many mixed drinksTequila
80%
A spirit distilled from malted grain, especially barley or ryeWhiskey
76%
Clear alcoholic spirit distilled from grain or malt and flavored with juniper berriesGin
71%
Alcoholic beverage distilled from a fermented cane productRum
64%
Japanese alcoholic beverage made from fermented riceSake
63%
A strong alcoholic spirit distilled from wine or fermented fruit juice.Brandy
28%
A German colorless distilled beverage produced from fermented cereal grain seedKorn
5%

Score Distribution

Percentile by Number Answered

Percent of People with Each Score

Your Score History

You have not taken this quiz